000 00316nam a2200121 i 4500
001 bg
245 0 _aWartości literatury dla dzieci i młodzieży /
_cpr.zbior.pod red. J. Papuzińskiej.
260 _aWarszawa,
_c1985.
040 _cBPK
041 _apol
942 _cKS
008 s pl f |000 0 pol
999 _c23159
_d23159
856 _uhttp://koha.tu.koszalin.pl/cgi-bin/koha/opac-detail.pl?biblionumber=23159
_yKatalog online BPK